ROSÉ - two years (All Lyrics) - Statistics

General Stats
  • This quiz has been taken 37 times
  • The average score is 233 of 311
Answer Stats
% Correct
I
96%
it
96%
a
88%
be
88%
been
88%
how
88%
it's
88%
It's
88%
two
88%
Two
88%
years
88%
You
88%
you
88%
all
83%
All
83%
and
83%
And
83%
But
83%
not
83%
Still
83%
still
83%
the
83%
try
83%
fall
79%
go
79%
gone
79%
head
79%
in
79%
love
79%
move
79%
my
79%
never
79%
on
79%
that
79%
this
79%
bed
75%
can't
75%
Doesn't
75%
had
75%
here
75%
know
75%
let
75%
so
75%
you're
75%
you've
75%
apart?
71%
dies
71%
Is
71%
is
71%
Now
71%
right
71%
since
71%
were
71%
Yeah
71%
arms
67%
Even
67%
for
67%
I'm
67%
make
67%
sense
67%
with
67%
always
63%
different
63%
gonna
63%
me
63%
to
63%
away
58%
back
58%
before
58%
chemical
58%
code
58%
feels
58%
funeral
58%
invisible
58%
just
58%
miserable
58%
physical
58%
Somewhere
58%
after
54%
coming
54%
everybody
54%
God
54%
Got
54%
heartbreak's
54%
How'd
54%
Maybe
54%
moved
54%
new
54%
nice
54%
Ruined
54%
someone
54%
'Cause
50%
I'll
50%
place
50%
state
50%
fact
46%
hate
46%
sick
46%
Another
42%
another
42%
night
42%
vice
42%
Ooh
29%
ooh
29%
bеd
0%
Yеah
0%
No matching quizzes found
Score Distribution
Percent of People with Each Score
Percentile by Number Answered
Your Score History
You have not taken this quiz